000
00237 a2200109 4500
020
_a
9781404824874
041
_a
spa
100
_a
Rosinsky, Natalie M.
245
_a
El agua arriba, abajo, y en todos lados
942
_c
BK
952
_7
1
999
_c
16756
_d
16756